000
00219nam a22000857a 4500
008
161116b xxu||||| |||| 00| 0 eng d
100
_9
1263
_a
Marti
245
_a
What is a tree?
260
_a
New delhi
_b
National book trust
_c
2006
999
_c
3966
_d
3966